Ursula K. Le Guin Bibliography - Statistics

General Stats
  • This quiz has been taken 12 times
  • The average score is 24 of 484
Answer Stats
Type Year Name % Correct
Poem 1999 T
100%
Novel 1974 The Dispossessed
91%
Novel 1969 The Left Hand of Darkness
91%
Novel 1968 A Wizard of Earthsea
64%
Novel 1966 Rocannon's World
64%
Novel 1971 The Lathe of Heaven
64%
Writings Collection 2001 Tales from Earthsea
55%
Novel 1990 Tehanu
55%
Novel 2001 The Other Wind
55%
Novel 1967 City of Illusions
45%
Novel 1971 The Tombs of Atuan
45%
Novella 1972 The Word for World Is Forest
45%
Short Story Collection 2003 Changing Planes
36%
Novel 2004 Gifts
36%
Novel 1966 Planet of Exile
36%
Short Story 2000 The Birthday of the World
36%
Novel 1972 The Farthest Shore
36%
Short Story 1973 The Ones Who Walk Away from Omelas
36%
Short Story Collection 1994 A Fisherman of the Inland Sea
27%
Novel 1985 Always Coming Home
27%
Short Story 1994 Another Story
27%
Novel 2008 Lavinia
27%
Essay Collection 2015 Steering the Craft: A 21st-Century Guide to Sailing the Sea of Story
27%
Essay Collection 1998 Steering the Craft: Exercises and Discussions on Story Writing for the Lone Mariner and the Mutinous Crew
27%
Essay Collection 1979 The Language of the Night: Essays on Fantasy and Science Fiction
27%
Novel 2000 The Telling
27%
Short Story Collection 1975 The Wind's Twelve Quarters
27%
Short Story 1961 An Die Musik
18%
Children's Book 1988 Catwings
18%
Children's Book 1989 Catwings Return
18%
Essay Collection 1989 Dancing at the Edge of the World
18%
Short Story 1998 Dragonfly
18%
Poem 1959 Folksong from the Montayna Province
18%
Short Story Collection 1995 Four Ways to Forgiveness
18%
Short Story 1973 Imaginary Countries
18%
Children's Book 1999 Jane On Her Own
18%
Novel 1979 Malafrena
18%
Omnibus 2017 Orsinia
18%
Short Story Collection 1976 Orsinian Tales
18%
Omnibus 2018 The Books of Earthsea
18%
Short Story Collection 1982 The Compass Rose
18%
Novel 1978 The Eye of the Heron
18%
Short Story 1964 The Rule of Names
18%
Short Story Collection 2012 The Unreal and the Real: The Selected Short Stories of Ursula K. Le Guin
18%
Short Story 1964 The Word of Unbinding
18%
Short Story 1971 Vaster than Empires and More Slow
18%
Short Story 1969 Winter's King
18%
Poem 1987 A Conversation with a Silence
9%
Poem 2006 Another Weather: Mount St. Helens
9%
Short Story 1962 April in Paris
9%
Short Story 1970 A Trip to the Head
9%
Children's Book 1988 A Visit from Dr. Katz
9%
Short Story 1976 A Week in the Country
9%
Short Story 1995 Betrayals
9%
Poem 1987 Black Leonard in Negative Space
9%
Short Story 1976 Brothers and Sisters
9%
Essay Collection 2009 Cheek by Jowl
9%
Short Story 1995 Coming of Age in Karhide
9%
Short Story 1993 Dancing to Ganam
9%
Short Story 1963 Darkness Box
9%
Short Story 1999 Darkrose and Diamond
9%
Short Story 1973 Direction of the Road
9%
Writings Collection 1975 Dreams Must Explain Themselves
9%
Essay Collection 2018 Dreams Must Explain Themselves and Other Essays 1972-2004
9%
Children's Book 1988 Fire and Stone
9%
Short Story 2018 Firelight
9%
Children's Book 1992 Fish Soup
9%
Poem 1987 Flints
9%
Poem 1987 For Leonard, Darko, and Burton Watson
9%
Poem 1987 For Ted
9%
Poem 1987 Found Poem
9%
Essay Collection 1973 From Elfland to Poughkeepsie
9%
Short Story 1991 Hand, Cup, Shell
9%
Short Story 1974 Intracom
9%
Poem 1994 Last of August
9%
Children's Book 1979 Leese Webster
9%
Poem 1987 Lewis and Clark and After
9%
Short Story 1996 Mountain Ways
9%
Poem 1987 Mt. St. Helens/Omphalos
9%
Essay Collection 2017 No Time to Spare: Thinking About What Matters
9%
Novel 2007 Powers
9%
Short Story 1974 Schrödinger's Cat
9%
Short Story 1964 Selection
9%
Poem 1987 Sleeping Out
9%
Short Story 1991 Sleepwalkers
9%
Poetry Collection 2018 So Far So Good: Poems 2014-2018
9%
Short Story 1994 Solitude
9%
Children's Book 1983 Solomon Leviathan's Nine Hundred and Thirty-First Trip Around the World
9%
Poem 1987 Tabby Lorenzo
9%
Short Story 1991 Texts
9%
Children's Book 1982 The Adventure of Cobbler's Rune
9%
Short Story 1974 The Author of the Acacia Seeds and Other Extracts from the Journal of the Association of Therolinguistics
9%
Poem 1987 The Basalt
9%
Novel 1980 The Beginning Place
9%
Omnibus 2016 The Complete Orsinia
9%
Poem 1987 The Crown of Laurel
9%
Short Story 2014 The Daughter of Odren
9%
Short Story 1974 The Day Before the Revolution
9%
Short Story 1964 The Dowry of the Angyar
9%
Short Story 1974 The Eye Altering
9%
Short Story 1973 The Field of Vision
9%
Short Story 1970 The Good Trip
9%
Poem 1987 The Man Eater
9%
Short Story 1963 The Masters
9%
Short Story 1994 The Matter of Seggri
9%
Short Story 1975 The New Atlantis
9%
Poem 2015 The Old Music
9%
Short Story 1990 The Shobies' Story
9%
Short Story 1974 The Stars Below
9%
Poem 2015 The Story
9%
Short Story 1984 The Trouble with the Cotton People
9%
Short Story 1984 The Visionary
9%
Essay Collection 2004 The Wave in the Mind: Talks and Essays on the Writer, the Reader, and the Imagination
9%
Short Story 2003 The Wild Girls
9%
Novella 2011 The Wild Girls
9%
Short Story 1970 Things
9%
Short Story 1985 Time in the Valley
9%
Poem 1987 Torrey Pines Reserve
9%
Poem 1987 Totem
9%
Short Story 1979 Two Delays on the Northern Line
9%
Short Story 1994 Unchosen Love
9%
Interview Collection 2018 Ursula K. Le Guin: The Last Interview
9%
Novel 1976 Very Far Away from Anywhere Else
9%
Novel 2006 Voices
9%
Chapbook 1976 Walking in Cornwall
9%
Essay Collection 1989 Way of the Water's Going
9%
Poem 1987 West Texas
9%
Poem 1987 What is Going on in the Oaks
9%
Poem 1987 Winter Downs
9%
Children's Book 1994 Wonderful Alexander and the Catwings
9%
Essay Collection 2016 Words Are My Matter: Writings About Life and Books, 2000-2016
9%
Poem 1987 Xmas Over
9%
Poem 2006 124°30' West
0%
Poem 2015 2014: A Hymn
0%
Poem 2006 24 Knots at Night
0%
Poem 2006 3/3/03
0%
Poem 1999 Acorn Woodpecker
0%
Poem 1994 A Discourse on Method
0%
Poem 2006 A Lament for My Poultry
0%
Short Story 1995 A Man of the People
0%
Poem 2006 American Wars
0%
Poem 2006 An Afternoon in England in Winter
0%
Poem 2006 An American Etymology
0%
Poem 1999 Angel
0%
Poem 1999 Anon
0%
Poem 2006 Anonyma
0%
Poem 2006 Antigua: The Silence of the Mountain
0%
Poem 1994 A Painting
0%
Poem 1999 Appropriation
0%
Poem 2006 April in San José
0%
Poem 1999 Aqueduct
0%
Poem 2006 A Request
0%
Poem 1994 Ariadne Dreams
0%
Children's Book 1992 A Ride on the Red Mare's Back
0%
Poem 2015 Arion
0%
Poem 2015 Artemisia Tridentata
0%
Poem 2006 Aruba
0%
Poem 1999 At Oakley
0%
Poem 1994 A True Story
0%
Poem 2006 At the Feast in the Great Hall
0%
Chapbook 1991 A Winter Solstice Ritual
0%
Short Story 1995 A Woman's Liberation
0%
Poem 2006 Baja
0%
Poem 1994 Bale's Mill in the Napa Valley
0%
Poem 1999 Beach Runner
0%
Poem 1999 Bella
0%
Poem 2015 Between
0%
Short Story 1991 Bill Weisler
0%
Poem 1999 Bird at Dawn
0%
Poem 1999 Blue Moon
0%
Chapbook 1993 Blue Moon Over Thurman Street
0%
Writings Collection 1987 Buffalo Gals and Other Animals
0%
Novella 1987 Buffalo Gals, Won't You Come Out Tonight
0%
Poem 2006 Buz
0%
Poem 1994 Buzzard Visit
0%
Poem 1999 By the Canal
0%
Poem 1994 Cabin 4, Cedarwood Lodge
0%
Poem 2015 California Landscape Paintings at the Portland Art Museum
0%
Poem 1999 Calling
0%
Poem 1999 Caravel
0%
Children's Book 2009 Cat Dreams
0%
Poem 1999 Circle in a Drought
0%
Poem 1999 Circles
0%
Poem 1999 Circling to Descend
0%
Short Story 1996 Climbing to the Moon
0%
Poem 1999 College
0%
Short Story 1987 Come Into Animal Presences
0%
Poem 1994 Concerning Theo
0%
Short Story 2003 Confusions of Uñi
0%
Poem 1994 Consider
0%
Poem 2015 Constellating
0%
Poem 2015 Contemplation at McCoy Creek
0%
Short Story 1976 Conversations at Night
0%
Short Story 1977 Courtroom Scene
0%
Poem 2015 Crossing the Cascades
0%
Short Story 1991 Crosswords
0%
Poem 1994 Cry No More
0%
Short Story 1987 Daddy's Big Girl
0%
Poem 2006 Dance Song
0%
Poem 2015 Dead Languages
0%
Poem 2006 Deck One Infirmary Blues
0%
Poem 2015 Definition, or, Seeing the Horse
0%
Poem 2015 Disremembering
0%
Poem 1999 Door
0%
Poem 1994 Dreaming California
0%
Poem 1999 Dreamwordplay
0%
Poem 1994 Drouth
0%
Poem 2015 Earthenware
0%
Poem 2015 Ecola
0%
Poem 2015 Element 80
0%
Short Story 2013 Elementals
0%
Poem 1999 Elisabeth
0%
Poem 2006 English
0%
Poem 1999 Entanglements
0%
Short Story 1995 Ether, OR
0%
Poem 1999 Fall
0%
Poem 1999 Family
0%
Short Story 2003 Feeling at Home with the Hennebet
0%
Poem 1999 FIELD BURNING DEBATED
0%
Poem 1999 Fight
0%
Poetry Collection 2012 Finding My Elegy: New and Selected Poems
0%
Chapbook 1992 Findings
0%
Poem 1999 First
0%
Short Story 1992 First Contact with the Gorgonids
0%
Poem 1999 Flight 1067 to L.A.
0%
Poem 1999 Flower Painter
0%
Short Story 1991 Foam Women, Rain Women
0%
Poem 1999 For Gabriela Mistral
0%
Short Story 1995 Forgiveness Day
0%
Poem 1994 For Judith
0%
Poem 2006 For Karen
0%
Poem 2006 For Naomi
0%
Poetry Collection 2007 Four Different Poems
0%
Poem 1994 Fragments from the Women's Writing
0%
Poem 1999 Friends of My Youth
0%
Poem 1994 From Lorenzo
0%
Poem 2006 Futurology
0%
Short Story 1991 Geezers
0%
Poem 2015 Geology of the Northwest Coast
0%
Poem 1994 Getting On
0%
Short Story 1977 Ghost Story
0%
Poem 1994 Going Out with Peacocks
0%
Poetry Collection 1994 Going Out with Peacocks and Other Poems
0%
Poem 1999 Graduate School
0%
Poem 1999 Great Aunt
0%
Short Story 2003 Great Joy
0%
Poem 1994 Gulls Pudding: January
0%
Short Story 1977 Gwilan's Harp
0%
Short Story 1987 Half Past Four
0%
Poetry Collection 1981 Hard Words and Other Poems
0%
Poem 2015 Harney County Catenaries
0%
Poem 2006 Here, There, at the Marsh
0%
Poem 2015 Hermes Betrayed
0%
Short Story 1991 Hernes
0%
Poem 1999 Hershey Bar
0%
Poem 1994 Her Silent Daughter
0%
Poem 1999 Hexagram 45
0%
Short Story 1986 Horse Camp
0%
Poem 2015 Hymn to Aphrodite
0%
Poem 2015 Hymn to Time
0%
Short Story 1976 Ile Forest
0%
Poem 2006 Ille
0%
Short Story 1991 In and Out
0%
Poem 2015 In Ashland
0%
Poem 1999 In Berkeley
0%
Poem 2015 Incense
0%
Poetry Collection 2006 Incredible Good Fortune
0%
Poem 2006 Incredible Good Fortune
0%
Poem 2006 In Harney County
0%
Poem 1994 In That Desert
0%
Short Story 1994 In the Drought
0%
Chapbook 1983 In the Red Zone
0%
Poem 1994 In the Siskiyous in May
0%
Poem 2006 Invocation
0%
Poem 1999 January 7
0%
Poem 1999 Jean
0%
Poem 1999 Joy
0%
Poem 1999 Kate and Becca Housecleaning
0%
Poem 1994 Keeping Rocks
0%
Screenplay 1985 King Dog: A Screenplay
0%
Poem 2015 Kinship
0%
Poem 2015 Kitchen Spoons
0%
Short Story 1988 Kore 87
0%
Short Story 2009 LADeDeDa
0%
Poem 1999 Late Dusk
0%
Poetry Collection 2015 Late in the Day: Poems 2010-2014
0%
Poem 2006 Learning Latin in Old Age
0%
Short Story 1988 Legends for a New Land
0%
Poem 2006 Les Iles Sous le Vent
0%
Short Story 1996 Limberlost
0%
Poem 1994 Looking for Proxy Falls
0%
Poem 1999 Lost Arrows and the Feather People
0%
Poem 2006 Love Songs in Late May
0%
Poem 2006 Magellanica
0%
Short Story 1979 Malheur County
0%
Poem 1999 Malheur Maar
0%
Poem 2015 March
0%
Poem 1994 March in Beloit
0%
Poem 1994 Marilyn
0%
Short Story 1987 May's Lion
0%
Short Story 1975 Mazes
0%
Poem 2006 Mementoes
0%
Poem 2015 Messages
0%
Poem 1999 Mirror Gallery: Epigraph: In the Summer Country
0%
Poem 1999 Morning Service
0%
Poem 2006 Mount Rainer from Amtrak
0%
Poem 1994 Mouth of the Klamath
0%
Poem 1994 My Hero
0%
Poem 2015 My House
0%
Poem 2015 My Job
0%
Poem 1994 My Music
0%
Chapbook 1991 Myth and Archetype in Science Fiction
0%
Short Story 1991 Newton's Sleep
0%
Poem 2015 New Year's Day
0%
Poem 2015 Night Sounds
0%
Poem 2006 Nine Lines, August 9
0%
Novella 1969 Nine Lives
0%
Chapbook 1992 No Boats
0%
Poem 2006 Nobody
0%
Poem 2006 November Birds
0%
Poem 2015 October
0%
Poem 1999 October 11, 1491
0%
Poem 1999 Old Age
0%
Short Story 1995 Olders
0%
Short Story 1995 Old Music and the Slave Woman
0%
Poem 1999 On 23rd Street
0%
Short Story 2001 On the High Marsh
0%
Poem 2015 Orders
0%
Poetry Collection 2010 Out Here: Poems and Images from Steens Mountain Country
0%
Novella 2002 Paradises Lost
0%
Poem 2006 Passengers
0%
Poem 2006 Passing the Clinic
0%
Poem 2006 Peace Vigil, March, 2003
0%
Poem 2006 Pelicans
0%
Poem 1999 Phebe and Mimi
0%
Poem 1994 Phoenicians
0%
Poem 1999 Player
0%
Short Story 2003 Porridge on Islac
0%
Poem 1994 Praying to Ecola Creek
0%
Poem 1994 Processing Words
0%
Poem 1994 Puye: An Anasazi Village
0%
Poem 2006 Quatrains
0%
Short Story 1991 Quoits
0%
Poem 1999 Read at the Award Dinner
0%
Poem 1999 Redescending
0%
Poem 1999 Religious Connections
0%
Poem 1999 Repulse Monkey
0%
Poem 1994 Riding the "Coast Starlight"
0%
Poem 1999 Rodmell
0%
Short Story 1996 Ruby on the 67
0%
Poem 2006 San José Palms
0%
Poem 1999 "Scarcity of Rhinos"
0%
Poem 2015 Sea Hallowe'en
0%
Short Story Collection 1991 Searoad
0%
Poem 2015 Seasonal Lines
0%
Short Story 2003 Seasons of the Ansarac
0%
Poem 1994 Semen
0%
Poem 1994 Sentence
0%
Poem 2006 Seventy
0%
Short Story 1985 She Unnames Them
0%
Short Story 2003 Sita Dulip's Method
0%
Poetry Collection 1999 Sixty Odd
0%
Poem 1999 Skating
0%
Poem 1994 Sleeping with Cats
0%
Short Story 1981 Small Change
0%
Short Story 2003 Social Dreaming of the Frin
0%
Short Story 1982 Some Approaches to the Problem of the Shortage of Time
0%
Poem 2015 Song
0%
Poem 1994 Song for Caroline
0%
Poem 1994 Song for Elisabeth
0%
Poem 2006 Sorceries of San Blas
0%
Poem 2015 Sorrowsong
0%
Short Story 1978 SQ
0%
Short Story 1996 Standing Ground
0%
Poem 1999 Stepmother
0%
Short Story 1996 Sunday in Summer in Seatown
0%
Poem 1994 Sun Setting of Cannon Beach
0%
Poem 1994 "Sunt Lacrimae Rerum"
0%
Short Story 1982 Sur
0%
Poem 1999 Susannah
0%
Poem 2006 Taking Courage
0%
Chapbook 1992 Talking About Writing
0%
Poem 2006 Talk Shows
0%
Chapbook 1976 The Altered I: An Encounter with Science Fiction
0%
Chapbook 1982 The Art of Bunditsu
0%
Short Story 1983 The Ascent of the North Face
0%
Short Story 1976 The Barrow
0%
Short Story Collection 2002 The Birthday of the World and Other Stories
0%
Short Story 2001 The Bones of the Earth
0%
Poem 1994 The Book to Have
0%
Short Story 2001 The Building
0%
Poem 2006 The Cactus Wren
0%
Poem 2015 The Canada Lynx
0%
Poem 2006 The Coup de Grace
0%
Short Story 1996 The Creatures on My Mind
0%
Short Story 1976 The Diary of the Rose
0%
Poem 2015 The Dream Stone
0%
Poem 2006 The Drowned Girl
0%
Short Story 1987 The Eighth Elegy
0%
Short Story 2001 The Finder
0%
Poem 2006 The Finding
0%
Short Story 1978 The First Report of the Shipwrecked Foreigner to the Kadanh of Derb
0%
Short Story 2000 The Flyers of Gy
0%
Poem 2006 The Forsaken Shepherdess
0%
Short Story 1976 The Fountains
0%
Poem 2015 The Games
0%
Poem 2006 The Girl at the Gate of Fairyland
0%
Poem 1994 The Hands of Torturers
0%
Poem 1994 The Hard Dancing
0%
Short Story 1976 The House
0%
Poem 2006 The Housewife
0%
Short Story 2003 The Ire of the Veksi
0%
Short Story 1998 The Island of the Immortals
0%
Short Story 2014 The Jar of Water
0%
Short Story 1990 The Kerastion
0%
Short Story 1976 The Lady of Moge
0%
Poem 2006 The Little Girl
0%
Poem 2006 The Lorelei to Heinrich Heine
0%
Short Story 1996 The Lost Children
0%
Poem 2006 The Lost Explorer
0%
Poem 2015 The Mist Horse
0%
Poem 2006 The Mute
0%
Poem 2006 The News
0%
Short Story 2003 The Nna Mmoy Language
0%
Poem 2006 The Non-Cartesian in June
0%
Poem 2006 The Old Lady
0%
Poem 2015 The Old Mad Queen
0%
Poem 2015 The One Thing Missing
0%
Poem 1994 The Pacific Slope
0%
Short Story 1979 The Pathways of Desire
0%
Short Story 1982 The Phoenix
0%
Short Story 1993 The Poacher
0%
Short Story 1982 The Professor's Houses
0%
Poem 2015 The Pursuit
0%
Poem 1994 The Queen of Spain
0%
Poem 1994 The Red Dancers
0%
Short Story 1976 The Road East
0%
Short Story 1992 The Rock That Changed Things
0%
Short Story 2000 The Royals of Hegn
0%
Poem 2015 The Salt
0%
Poem 2006 The Shiksa
0%
Short Story 1991 The Ship Ahoy
0%
Short Story 2003 The Silence of the Asonu
0%
Poem 2015 The Small Indian Pestle at the Applegate House
0%
Short Story 1982 The Spoons in the Basement
0%
Poetry Collection 1997 The Twins, The Dream: Two Voices/Las Gemelas, El Sueño: Dos Voces
0%
Poem 1994 The Vigil for Ben Linder
0%
Short Story 1982 The Water Is Wide
0%
Short Story 1980 The White Donkey
0%
Short Story 1982 The Wife's Story
0%
Short Story 1996 The Wise Woman
0%
Poem 1994 The Woman and the Soul
0%
Poem 2006 The Woman in the Attic
0%
Poem 2006 The Woman in the Basement
0%
Poem 1994 The Years
0%
Chapbook 1979 Tillai and Tylissos
0%
Poem 2015 To Her Task-Master
0%
Children's Book 2002 Tom Mouse
0%
Poem 1999 Tony
0%
Poem 1994 To the Next Guests
0%
Poem 1999 Traveler at a Lake in New England
0%
Short Story 1991 True Love
0%
Poem 2006 Two Poems for Judith
0%
Short Story 1996 Unlocking the Air
0%
Short Story Collection 1996 Unlocking the Air and Other Stories
0%
Interview Collection 2018 Ursula K. Le Guin: Conversations on Writing
0%
Poem 1999 Uses of Morning
0%
Short Story 2003 Wake Island
0%
Poem 2006 Waking in April
0%
Poem 1994 Waking: Two Poems
0%
Poem 1994 Werewomen
0%
Poem 2015 Western Outlaws
0%
Poem 1994 What I Have
0%
Poem 1999 When There Aren't Any
0%
Short Story 1979 Where Does Time Go?
0%
Poem 2015 Whiteness
0%
Poetry Collection 1975 Wild Angels
0%
Poetry Collection 1988 Wild Oats and Fireweed: New Poems
0%
Poem 1999 "Will the Circle Be Unbroken?"
0%
Poem 2006 Winter Days
0%
Short Story 2003 Woeful Tales from Mahigul
0%
Poem 2015 Writing Twilight
0%
Poem 2015 Written in the Dark
0%
Poem 1999 You, Her, I
0%
No matching quizzes found
Score Distribution
Percent of People with Each Score
Percentile by Number Answered
Your Score History
You have not taken this quiz